[Event "Michigan Class C"]
[Site "Grand Rapids, MI"]
[Date "1997.01.18"]
[Round "1.7"]
[White "Gregg, Ted"]
[Black "Jensen, David"]
[Result "1-0"]
[WhiteElo "1400"]
[BlackElo "1473"]
[PlyCount "113"]
[EventDate "1997.01.18"]

1. f4 Nf6 2. b3 d5 3. Bb2 c5 4. e3 Nc6 5. Bb5 Bd7 6. Bxc6 Bxc6 7. Nf3 g6 8. O-O
Bg7 9. Ne5 O-O 10. Nxc6 bxc6 11. d3 Qd7 12. c4 Rfd8 13. Qe1 Qf5 14. Qc3 d4 15.
exd4 Ng4 16. Qd2 cxd4 17. Na3 Ne3 18. Rf3 Rd6 19. Nc2 Rad8 20. Re1 Nxc2 21.
Qxc2 Re6 22. Rxe6 Qxe6 23. Qf2 c5 24. Bc1 f5 25. g3 Rb8 26. Kf1 a5 27. Qd2 a4
28. bxa4 Qc6 29. Qd1 Ra8 30. Kg1 Rxa4 31. Rf2 Qa6 32. a3 Qa8 33. Qf3 Qxf3 34.
Rxf3 Kf7 35. Rf2 Bh6 36. Re2 Bg7 37. Kf2 Ra7 38. Ke1 e6 39. Ra2 e5 40. fxe5
Bxe5 41. a4 Kf6 42. a5 g5 43. Bd2 f4 44. gxf4 Bxf4 45. Bxf4 gxf4 46. Kf2 Kg5
47. Kf3 h5 48. a6 Kf5 49. Ra5 Ke5 50. Rxc5+ Kd6 51. Ra5 Kc6 52. Kxf4 Kb6 53.
Rxh5 Kxa6 54. h4 Re7 55. Re5 Rh7 56. h5 Kb6 57. Ke4 1-0

[Event "Michigan Class C"]
[Site "Grand Rapids, MI"]
[Date "1997.01.18"]
[Round "3.6"]
[White "Gregg, Ted"]
[Black "Brumley, Ron"]
[Result "1/2-1/2"]
[WhiteElo "1400"]
[BlackElo "1448"]
[PlyCount "67"]
[EventDate "1997.01.18"]

1. f4 d5 2. b3 Nf6 3. e3 c5 4. Nf3 Nc6 5. Bb5 Bg4 6. Bb2 e6 7. O-O Be7 8. d3
O-O 9. Bxc6 bxc6 10. Nbd2 Qb6 11. Qe1 a5 12. Ne5 Rfd8 13. Qg3 Bf5 14. Ndf3 c4
15. Nh4 Nh5 16. Qf2 cxd3 17. Nxf5 exf5 18. cxd3 a4 19. bxa4 Rxa4 20. Qc2 Qxe3+
21. Kh1 Rxf4 22. Nxc6 Rxf1+ 23. Rxf1 Bd6 24. Nxd8 Ng3+ 25. hxg3 Qxg3 26. Kg1
Qh2+ 27. Kf2 Qg3+ 28. Ke2 Qxg2+ 29. Rf2 Qg4+ 30. Kf1 Qh3+ 31. Rg2 Qf3+ 32. Rf2
Qh3+ 33. Rg2 Qf3+ 34. Rf2 1/2-1/2

[Event "Michigan Class A"]
[Site "Grand Rapids, MI"]
[Date "1997.01.18"]
[Round "3.2"]
[White "Gaiefsky, Mike"]
[Black "Estlick, Laurence"]
[Result "0-1"]
[WhiteElo "1883"]
[BlackElo "1974"]
[PlyCount "96"]
[EventDate "1997.01.18"]

1. d4 e6 2. e4 d5 3. Nd2 dxe4 4. Nxe4 Nf6 5. Nxf6+ Qxf6 6. Nf3 h6 7. Bd3 Bd6 8.
Be3 Bd7 9. Qd2 Bc6 10. Be2 Nd7 11. c4 b6 12. O-O O-O 13. Rac1 Rfd8 14. Qc2 Bf4
15. b4 a5 16. b5 Bb7 17. c5 Bd5 18. c6 Nf8 19. a4 Ng6 20. g3 Bd6 21. Nd2 e5 22.
Ne4 Qe6 23. Nxd6 Rxd6 24. Bc4 exd4 25. Bxd4 Ne5 26. Bxe5 Qxe5 27. Rfe1 Qf6 28.
Rcd1 Bxc4 29. Rxd6 Qxd6 30. Qxc4 Qb4 31. Re4 Qb1+ 32. Kg2 Kf8 33. Rf4 f6 34.
Re4 Rd8 35. Qe6 Qd3 36. Qe7+ Kg8 37. Qe6+ Kf8 38. Qe7+ Kg8 39. Rg4 Qd5+ 40. f3
g5 41. Qxf6 Rd6 42. Qe7 Re6 43. Qxc7 Re2+ 44. Kh3 Qxf3 45. Qd8+ Kh7 46. Qd7+
Kg6 47. Qd6+ Kh5 48. Rh4+ gxh4 0-1

[Event "Michigan Class D/E"]
[Site "Grand Rapids, MI"]
[Date "1997.01.18"]
[Round "1.5"]
[White "Gaiefsky, Joey"]
[Black "Spangler, Richard"]
[Result "1/2-1/2"]
[WhiteElo "1174"]
[BlackElo "1334"]
[PlyCount "63"]
[EventDate "1997.01.18"]

1. e4 d5 2. exd5 Nf6 3. Nc3 Nxd5 4. Nxd5 Qxd5 5. d4 e5 6. Be3 exd4 7. Qxd4 Qxd4
8. Bxd4 Nc6 9. Bb5 Bd7 10. Bc3 Bc5 11. g3 O-O 12. O-O-O Be6 13. Ne2 Bxf2 14.
Rhf1 Be3+ 15. Kb1 a6 16. Bxc6 bxc6 17. Nd4 Bg4 18. Rd3 Bxd4 19. Rxd4 Be6 20. h4
Rfd8 21. Rff4 Rd5 22. b3 Rxd4 23. Bxd4 Rd8 24. g4 f5 25. g5 g6 26. Kb2 Kf7 27.
Ka3 Bd5 28. Kb4 Be4 29. c3 Re8 30. a4 Ke6 31. Kc4 Kd6 32. b4 1/2-1/2

[Event "Michigan Class D/E"]
[Site "Grand Rapids, MI"]
[Date "1997.01.18"]
[Round "2.6"]
[White "Gaiefsky, Joey"]
[Black "Poniatowski, Don"]
[Result "1/2-1/2"]
[WhiteElo "1174"]
[BlackElo "1293"]
[PlyCount "91"]
[EventDate "1997.01.18"]

1. e4 Nf6 2. e5 Nd5 3. d4 d6 4. Nf3 g6 5. g3 Bg7 6. Bg2 Nc6 7. O-O O-O 8. Re1
f6 9. exf6 exf6 10. Ng5 Nde7 11. Ne6 Bxe6 12. Rxe6 Re8 13. Nc3 Qd7 14. Re2 Kh8
15. Be3 d5 16. Qd2 Rad8 17. Rae1 a6 18. Bf4 b5 19. Nxd5 Nxd5 20. Bxd5 Rxe2 21.
Qxe2 Qxd5 22. Qe8+ Rxe8 23. Rxe8+ Qg8 24. Rxg8+ Kxg8 25. Bxc7 Nxd4 26. c3 Ne6
27. Bd6 f5 28. Kf1 Kf7 29. Ke2 Ke8 30. Kd3 Kd7 31. Ba3 Kc6 32. h4 g5 33. hxg5
Nxg5 34. Ke3 Ne4 35. Kf3 h5 36. Kg2 Kd5 37. f3 Nd2 38. g4 hxg4 39. fxg4 fxg4
40. Kg3 Ke4 41. Kxg4 Nf3 42. Kg3 Be5+ 43. Kf2 Ng5 44. Ke2 Nf3 45. Bb4 Bf4 46.
b3 1/2-1/2

[Event "Michigan Class B"]
[Site "Grand Rapids, MI"]
[Date "1997.01.18"]
[Round "1.9"]
[White "Foord, Allan"]
[Black "Moore, Robert"]
[Result "0-1"]
[WhiteElo "1600"]
[BlackElo "1700"]
[PlyCount "92"]
[EventDate "1997.01.18"]

1. e4 c5 2. Nf3 d6 3. d4 cxd4 4. Nxd4 Nf6 5. Nc3 a6 6. Bg5 e6 7. Be2 Be7 8. O-O
O-O 9. f4 Qc7 10. Kh1 b5 11. Qd3 Nbd7 12. b4 Bb7 13. Bf3 Rac8 14. Nde2 Rfe8 15.
Rac1 h6 16. Bh4 Qc4 17. a3 Bf8 18. Bg3 Qxd3 19. cxd3 e5 20. Rc2 exf4 21. Bxf4
Ne5 22. Bxe5 dxe5 23. Rfc1 Red8 24. Nd5 Rxc2 25. Rxc2 Nxd5 26. exd5 Bxd5 27.
Bxd5 Rxd5 28. Rc3 f5 29. g3 g5 30. Kg2 Kf7 31. h3 Ke6 32. Kf3 Bg7 33. Rc6+ Rd6
34. Rxd6+ Kxd6 35. Ke3 h5 36. Kf3 Kd5 37. Ke3 Bh6 38. Nc3+ Kd6 39. Kf3 g4+ 40.
hxg4 hxg4+ 41. Ke2 Bc1 42. Nb1 Kd5 43. Kd1 Bb2 44. Kc2 Bd4 45. Nd2 Bf2 46. Nf1
f4 0-1

[Event "Michigan Class D/E"]
[Site "Grand Rapids, MI"]
[Date "1997.01.18"]
[Round "2.10"]
[White "Feguer, Mike"]
[Black "Jacobs, Ron"]
[Result "0-1"]
[WhiteElo "1105"]
[BlackElo "1209"]
[PlyCount "52"]
[EventDate "1997.01.18"]

1. e4 c5 2. Nf3 d6 3. d4 cxd4 4. Nxd4 Nf6 5. Nc3 g6 6. Bc4 Bg7 7. Be3 O-O 8. f4
Nbd7 9. f5 a6 10. g4 Ne5 11. Be2 Qa5 12. h4 b5 13. a3 Bb7 14. b4 Qc7 15. Nd5
Bxd5 16. exd5 Qc3+ 17. Kf2 Nxd5 18. Rh3 Nxe3 19. Rxe3 Nxg4+ 20. Bxg4 Bxd4 21.
fxg6 Bxe3+ 22. Kg2 fxg6 23. Be6+ Kg7 24. h5 Qd2+ 25. Qxd2 Bxd2 26. hxg6 h6 0-1

[Event "Michigan Class D/E"]
[Site "Grand Rapids, MI"]
[Date "1997.01.18"]
[Round "1.1"]
[White "Evans Jr., Thomas"]
[Black "Mihelich, John"]
[Result "1-0"]
[WhiteElo "1222"]
[BlackElo "1394"]
[PlyCount "111"]
[EventDate "1997.01.18"]

1. d4 d5 2. c4 e6 3. a3 Nf6 4. Nc3 Nc6 5. e3 Bd6 6. Nf3 a6 7. Be2 Ne4 8. c5
Nxc3 9. bxc3 Be7 10. O-O Bf6 11. Bd2 O-O 12. Qc2 e5 13. e4 exd4 14. Bd3 Ne5 15.
Nxe5 Bxe5 16. Rac1 c6 17. exd5 Qxd5 18. Bxh7+ Kh8 19. c4 Bxh2+ 20. Kxh2 Qh5+
21. Kg1 Qxh7 22. Qxh7+ Kxh7 23. Bf4 Be6 24. Rcd1 Rfd8 25. Bd6 Rd7 26. Rxd4 Rad8
27. Rfd1 Kg6 28. f4 a5 29. R1d2 Kf5 30. g3 g6 31. Kf2 Rh8 32. Kf3 Rh3 33. Kg2
Kf6 34. Be5+ Ke7 35. Rxd7+ Bxd7 36. Rxd7+ Kxd7 37. Kxh3 Ke6 38. Kg4 f6 39. Bd6
b6 40. Kf3 b5 41. cxb5 cxb5 42. Bc7 b4 43. Bxa5 bxa3 44. Bc3 f5 45. g4 Kd5 46.
gxf5 gxf5 47. Kg3 a2 48. Kh4 Kxc5 49. Kg5 Kd6 50. Kxf5 Ke7 51. Kg6 Kf8 52. f5
Kg8 53. f6 Kf8 54. f7 Ke7 55. Kg7 a1=Q 56. f8=Q+ 1-0

[Event "Michigan Class D/E"]
[Site "Grand Rapids, MI"]
[Date "1997.01.18"]
[Round "3.4"]
[White "Evans Jr., Thomas"]
[Black "Kotman, Stuart"]
[Result "0-1"]
[WhiteElo "1222"]
[BlackElo "786"]
[PlyCount "86"]
[EventDate "1997.01.18"]

1. d4 Nf6 2. c4 g6 3. e3 Bg7 4. Nc3 O-O 5. Nf3 d6 6. Be2 Nbd7 7. O-O b6 8. Bd2
Bb7 9. d5 c5 10. a3 Re8 11. Rb1 e6 12. e4 exd5 13. exd5 Ne5 14. Nxe5 Rxe5 15.
Bf4 Rf5 16. Bg3 Nh5 17. Bxh5 Rxh5 18. Nb5 Bf8 19. Nc3 Bc8 20. Ne4 Bf5 21. Qf3
Bxe4 22. Qxe4 Qd7 23. b4 Re8 24. Qd3 Bg7 25. bxc5 dxc5 26. Qb3 f5 27. d6 Re4
28. Rbd1 Bd4 29. Rfe1 Rxe1+ 30. Rxe1 g5 31. Re7 Qc8 32. Qb5 Kf8 33. Be5 Rh6 34.
Bg7+ Bxg7 35. Qd7 Qxd7 36. Rxd7 Be5 37. Rxa7 Bxh2+ 38. Kf1 Bxd6 39. Rb7 Be5 40.
g3 Ke8 41. Rb8+ Kd7 42. Rb7+ Kc8 43. Rg7 Bxg7 0-1

[Event "Michigan Class A"]
[Site "Grand Rapids, MI"]
[Date "1997.01.18"]
[Round "2.1"]
[White "Estlick, Laurence"]
[Black "Bauerle, Paul"]
[Result "0-1"]
[WhiteElo "1974"]
[BlackElo "1914"]
[PlyCount "80"]
[EventDate "1997.01.18"]

1. d4 Nf6 2. c4 g6 3. Nc3 Bg7 4. e4 d6 5. Nf3 O-O 6. Be2 e5 7. dxe5 dxe5 8.
Qxd8 Rxd8 9. Bg5 Re8 10. O-O-O Na6 11. h3 Be6 12. Be3 h6 13. Rd2 Rad8 14. Rhd1
Rxd2 15. Rxd2 b6 16. a3 Nc5 17. Bxc5 bxc5 18. Bd3 h5 19. Nb5 Bh6 20. Nxc7 Bxd2+
21. Kxd2 Re7 22. Na6 Rb7 23. Kc3 Nd7 24. Bc2 Rb6 25. Nc7 Rc6 26. Nd5 Bxd5 27.
exd5 Ra6 28. a4 Kg7 29. b4 cxb4+ 30. Kxb4 Rb6+ 31. Kc3 Kf6 32. Nd2 Nc5 33. Ne4+
Nxe4+ 34. Bxe4 a5 35. c5 Rb4 36. f3 Rxa4 37. d6 Ke6 38. Bd5+ Kxd5 39. d7 Rc4+
40. Kb3 Rb4+ 0-1

[Event "Michigan Beginners"]
[Site "Grand Rapids, MI"]
[Date "1997.01.18"]
[Round "1.1"]
[White "Engstrom, Nate"]
[Black "Nolan, Sean"]
[Result "1-0"]
[WhiteElo "1199"]
[BlackElo "678"]
[PlyCount "85"]
[EventDate "1997.01.19"]

1. d4 d5 2. c4 Nf6 3. Nf3 Bg4 4. e3 Nc6 5. Be2 Bxf3 6. Bxf3 e6 7. cxd5 exd5 8.
O-O Bd6 9. Nc3 O-O 10. Nxd5 Nxd5 11. Bxd5 Nb4 12. Bxb7 Rb8 13. Bf3 c5 14. a3
Na6 15. dxc5 Nxc5 16. b4 Ne6 17. Bb2 Qc7 18. g3 Ng5 19. Rc1 Qe7 20. Bg2 Rbc8
21. Rxc8 Rxc8 22. Qd4 Be5 23. Qxe5 Qxe5 24. Bxe5 f6 25. Bd6 Rc3 26. a4 Rc4 27.
Bd5+ Kh8 28. Bxc4 Nf3+ 29. Kg2 Nd2 30. Rc1 Ne4 31. Bd5 Nxd6 32. Rc6 Ne8 33. Rc8
h6 34. Rxe8+ Kh7 35. Be4+ g6 36. Re7+ Kg8 37. Rxa7 f5 38. Bd3 h5 39. b5 g5 40.
b6 f4 41. b7 Kf7 42. b8=Q+ Kf6 43. Qd6# 1-0

[Event "Michigan Beginners"]
[Site "Grand Rapids, MI"]
[Date "1997.01.18"]
[Round "3.1"]
[White "Engstrom, Nate"]
[Black "Nolan, Robert"]
[Result "1-0"]
[WhiteElo "1199"]
[BlackElo "921"]
[PlyCount "111"]
[EventDate "1997.01.19"]

1. d4 d5 2. c4 Nf6 3. Nf3 e6 4. Bg5 Bd6 5. Nc3 O-O 6. cxd5 c5 7. e3 h6 8. Bxf6
Qxf6 9. dxe6 Bxe6 10. Ne4 Qe7 11. Nxd6 Qxd6 12. Be2 Qb6 13. b3 Rd8 14. Bc4 Qa5+
15. Qd2 Qxd2+ 16. Kxd2 Nc6 17. Bxe6 fxe6 18. Kc3 Rd5 19. Rad1 Rad8 20. Rd2 e5
21. Rhd1 exd4+ 22. exd4 cxd4+ 23. Nxd4 Rc5+ 24. Kb2 Nb4 25. Ne6 Rc2+ 26. Rxc2
Rxd1 27. Rc7 Rf1 28. Rxg7+ Kh8 29. Ka3 Nc2+ 30. Ka4 Ra1 31. Rxb7 a6 32. b4 Ne1
33. a3 a5 34. b5 Nd3 35. b6 Re1 36. Rb8+ Kh7 37. Nd8 Nb2+ 38. Kxa5 Ra1 39. b7
Rxa3+ 40. Kb4 Ra2 41. Kb3 Ra6 42. Kxb2 Rb6+ 43. Kc3 Rxb7 44. Rxb7+ Kg6 45. Rb5
h5 46. Kd4 Kh6 47. Ke4 Kg6 48. Kf4 Kf6 49. Rb6+ Ke7 50. Ke5 h4 51. Rb7+ Ke8 52.
Nc6 h3 53. gxh3 Kf8 54. Ke6 Kg8 55. Kf6 Kh8 56. Kg6 1-0

[Event "Michigan Class A"]
[Site "Grand Rapids, MI"]
[Date "1997.01.18"]
[Round "2.2"]
[White "Eckert, William"]
[Black "Evans Sr., Thomas"]
[Result "0-1"]
[WhiteElo "1909"]
[BlackElo "1924"]
[PlyCount "50"]
[EventDate "1997.01.18"]

1. d4 b6 2. e4 Bb7 3. Nd2 e6 4. Ngf3 c5 5. c3 cxd4 6. cxd4 Bb4 7. Bd3 Nf6 8.
O-O h6 9. e5 Nd5 10. Ne4 f5 11. exf6 Nxf6 12. Ne5 O-O 13. Ng3 Nc6 14. a3 Bd6
15. Ng6 Rf7 16. Bb1 Na5 17. Ne5 Re7 18. Qd3 Qe8 19. h4 Nc6 20. Bf4 Qb8 21. Re1
Qc7 22. Nh5 Bxe5 23. Bxe5 Nxe5 24. Rxe5 Qc1+ 25. Kh2 Nxh5 {Remainder illegible,
60?} 0-1

[Event "Michigan Class A"]
[Site "Grand Rapids, MI"]
[Date "1997.01.18"]
[Round "3.4"]
[White "Eckert, William"]
[Black "Croel, Duane"]
[Result "1-0"]
[WhiteElo "1909"]
[BlackElo "1821"]
[PlyCount "47"]
[EventDate "1997.01.18"]

1. d4 Nf6 2. Nf3 d5 3. c4 g6 4. cxd5 Nxd5 5. e4 Nf6 6. Nc3 Bg7 7. Bb5+ c6 8.
Ba4 O-O 9. O-O Bg4 10. Be3 Nbd7 11. h3 Bxf3 12. Qxf3 Nb6 13. Bb3 Ne8 14. Rfd1
Kh8 15. d5 Qc8 16. Rac1 f5 17. dxc6 fxe4 18. Qxe4 bxc6 19. Qxe7 Nc7 20. Bxb6
axb6 21. Rd7 Ne8 22. Rcd1 Ra5 23. Rd8 Re5 24. Qxf8+ 1-0

[Event "Michigan Class B"]
[Site "Grand Rapids, MI"]
[Date "1997.01.18"]
[Round "3.9"]
[White "Durkee, David"]
[Black "Dunlap, Robert"]
[Result "1/2-1/2"]
[WhiteElo "1704"]
[BlackElo "1707"]
[PlyCount "108"]
[EventDate "1997.01.18"]

1. d4 Nf6 2. c4 g6 3. Nc3 Bg7 4. e4 d6 5. Nf3 Nbd7 6. Be2 O-O 7. Be3 c5 8. Qd2
Ng4 9. Bf4 cxd4 10. Nxd4 Nxf2 11. Kxf2 e5 12. Bxe5 Bxe5 13. Nf3 Bg7 14. Qxd6 f5
15. exf5 Rxf5 16. Rhf1 Bf8 17. Qd2 Qb6+ 18. Ke1 Nf6 19. Rd1 Be6 20. Nd4 Rxf1+
21. Kxf1 Rd8 22. Qf4 Bg7 23. Nxe6 Rxd1+ 24. Nxd1 Qxe6 25. Qb8+ Bf8 26. Qxb7 Bc5
27. b4 Qf5+ 28. Ke1 Bd4 29. Qf3 Qc2 30. g3 Ne4 31. Qd3 Qxd3 32. Bxd3 Nc3 33. c5
Nxd1 34. Kxd1 Kf8 35. Kc2 Ke7 36. Kb3 Kd7 37. Kc4 Be5 38. a3 Bb2 39. a4 Bf6 40.
Be4 Be5 41. Kd5 Bc3 42. b5 Ba5 43. g4 Bc7 44. h4 Bd8 45. h5 gxh5 46. gxh5 h6
47. Bf5+ Kc7 48. a5 Kb7 49. a6+ Kc7 50. Ke6 Bg5 51. Be4 Be3 52. b6+ Kb8 53.
bxa7+ Kxa7 54. Bb7 Bxc5 1/2-1/2

[Event "Michigan Class B"]
[Site "Grand Rapids, MI"]
[Date "1997.01.18"]
[Round "2.9"]
[White "Durkee, David"]
[Black "Barta, Roger"]
[Result "0-1"]
[WhiteElo "1704"]
[BlackElo "1686"]
[PlyCount "92"]
[EventDate "1997.01.18"]

1. d4 d5 2. c4 e6 3. Nf3 Nf6 4. Nc3 c6 5. Bd2 Nbd7 6. e3 Bd6 7. Bd3 O-O 8. O-O
dxc4 9. Bxc4 Re8 10. Qc2 e5 11. Ng5 Re7 12. Qb3 Qe8 13. Rfe1 Nf8 14. Nce4 Nxe4
15. Nxe4 Bc7 16. Bb4 Rd7 17. Ng5 b5 18. Bxf7+ Rxf7 19. Nxf7 Qxf7 20. Qd3 exd4
21. Qxd4 Be6 22. a3 Rd8 23. Qc3 Bd5 24. e4 Bc4 25. Re3 Ng6 26. Rae1 Be5 27. Qc2
Bd4 28. Rf3 Qe6 29. Rd1 Ne5 30. Rf8+ Rxf8 31. Bxf8 Bb3 32. Qd2 Bxd1 33. Qxd4
Kxf8 34. Qxd1 Qd7 35. Qe2 c5 36. f4 Qd4+ 37. Kf1 Nc4 38. g3 Qxb2 39. Qd3 Qd4
40. Qxd4 cxd4 41. Ke2 Nxa3 42. Kd3 Nc4 43. Kxd4 a5 44. Kc3 Ke7 45. e5 Ke6 46.
g4 g5 0-1

[Event "Michigan Class B"]
[Site "Grand Rapids, MI"]
[Date "1997.01.18"]
[Round "2.8"]
[White "Dunlap, Robert"]
[Black "Imai, Toshio"]
[Result "0-1"]
[WhiteElo "1707"]
[BlackElo "1700"]
[PlyCount "102"]
[EventDate "1997.01.18"]

1. e4 e5 2. f4 exf4 3. Nf3 Be7 4. Bc4 Bh4+ 5. Nxh4 Qxh4+ 6. Kf1 d5 7. Bxd5 Nf6
8. Qf3 Nxd5 9. exd5 O-O 10. g3 fxg3 11. hxg3 Qc4+ 12. d3 Qxc2 13. Nc3 Nd7 14.
Ne4 Ne5 15. Nf6+ gxf6 16. Qxf6 Qxd3+ 17. Kg2 Qxd5+ 18. Kg1 Qd4+ 19. Kg2 Qe4+
20. Kg1 Qe1+ 21. Kg2 Qe2+ 22. Qf2 Qxf2+ 23. Kxf2 Bf5 24. Bf4 Nd3+ 25. Kf3 Nxf4
26. gxf4 Rfe8 27. Rag1+ Kh8 28. Rh5 Be4+ 29. Kf2 Rad8 30. f5 Rd2+ 31. Ke3 Rxb2
32. Kf4 Rf2+ 33. Ke3 Rxf5 34. Rh4 Bd5+ 35. Kd4 b6 36. Rg3 c5+ 37. Kd3 Rf3+ 38.
Rxf3 Bxf3 39. Rf4 Bd5 40. a3 Be4+ 41. Kc4 f5 42. Kb5 Re7 43. Rf2 h5 44. a4 h4
45. Rh2 Rh7 46. a5 Bd3+ 47. Ka4 b5+ 48. Ka3 h3 49. Kb3 c4+ 50. Kb4 a6 51. Kc3
Bf1 0-1

[Event "Michigan Class B"]
[Site "Grand Rapids, MI"]
[Date "1997.01.18"]
[Round "3.4"]
[White "Dorrington, Eldon"]
[Black "McCarter, Robert"]
[Result "1-0"]
[WhiteElo "1613"]
[BlackElo "1732"]
[PlyCount "115"]
[EventDate "1997.01.18"]

1. d4 Nf6 2. e3 e6 3. Bd3 d5 4. f4 g6 5. Nd2 Bg7 6. Ngf3 Nbd7 7. O-O c5 8. c3
O-O 9. Ng5 b6 10. Bb5 Qc7 11. Bxd7 Bxd7 12. Rf3 h6 13. Nh3 Ng4 14. Nf1 Rac8 15.
Kh1 cxd4 16. exd4 Bb5 17. Nf2 Nxf2+ 18. Rxf2 Qc4 19. Be3 Qd3 20. Qe1 Rfd8 21.
Rd1 Qf5 22. Ng3 Qf6 23. Qd2 Kh7 24. Qc2 Kg8 25. Qd2 h5 26. f5 Qe7 27. fxg6 f6
28. Nxh5 Be8 29. Nxg7 Qxg7 30. Rf3 Bxg6 31. Rg3 Kf7 32. Rf1 Ke8 33. Bh6 Qf7 34.
Bg5 Bf5 35. Bh6 Bg6 36. Qf2 Ke7 37. Rf3 Bf5 38. Rg3 Rg8 39. Rxg8 Rxg8 40. Kg1
Rg6 41. Bf4 Qg8 42. Bg3 Be4 43. Qf4 Kd7 44. Qd6+ Ke8 45. Qb8+ Kd7 46. Qxa7+ Kc6
47. Qa4+ Kb7 48. Qd7+ Ka6 49. Qe7 f5 50. Qd6 Rg4 51. a4 Qg5 52. a5 Qe3+ 53. Kh1
Kxa5 54. Qb4+ Ka6 55. Ra1+ Kb7 56. Qe7+ Kc6 57. Qe8+ Kb7 58. Qa8# 1-0

[Event "Michigan Class D/E"]
[Site "Grand Rapids, MI"]
[Date "1997.01.18"]
[Round "3.1"]
[White "Dolin, Jack"]
[Black "Worley, Ron"]
[Result "0-1"]
[WhiteElo "1330"]
[BlackElo "1352"]
[PlyCount "44"]
[EventDate "1997.01.18"]

1. d4 f5 2. c4 Nf6 3. Nc3 e6 4. Bg5 Be7 5. g3 d5 6. Bg2 dxc4 7. Qa4+ c6 8. Qxc4
O-O 9. Nf3 Nd5 10. Bxe7 Qxe7 11. e3 b6 12. Ne5 Qe8 13. Nxd5 cxd5 14. Bxd5 exd5
15. Qxd5+ Kh8 16. Qxa8 Qe7 17. Qxb8 Qb4+ 18. Kd1 Be6 19. Nd3 Qa4+ 20. b3 Bxb3+
21. axb3 Qxa1+ 22. Kc2 Qa2+ 0-1

[Event "Michigan Class D/E"]
[Site "Grand Rapids, MI"]
[Date "1997.01.18"]
[Round "1.6"]
[White "Dolin, Jack"]
[Black "Feguer, Mike"]
[Result "1-0"]
[WhiteElo "1330"]
[BlackElo "1105"]
[PlyCount "51"]
[EventDate "1997.01.18"]

1. d4 d5 2. c4 Bf5 3. Nc3 e6 4. Qb3 b6 5. cxd5 exd5 6. Qxd5 Qxd5 7. Nxd5 Be4 8.
Nxc7+ Kd7 9. Nxa8 Bxa8 10. f3 Nf6 11. e4 Be7 12. Be3 Nh5 13. Bc4 Rf8 14. d5 Bd6
15. Ne2 Re8 16. Bb5+ Nc6 17. Bxc6+ Bxc6 18. dxc6+ Kxc6 19. Nd4+ Kd7 20. Nb5 Bb8
21. O-O f5 22. Rfd1+ Kc8 23. Rac1+ Kb7 24. Rd7+ Ka6 25. Nc7+ Bxc7 26. Rcxc7 1-0

[Event "Michigan Masters/Experts"]
[Site "Grand Rapids, MI"]
[Date "1997.01.18"]
[Round "2.1"]
[White "Czuhai, Kevin"]
[Black "Aldrich, Jeff"]
[Result "1/2-1/2"]
[WhiteElo "2247"]
[BlackElo "2033"]
[PlyCount "47"]
[EventDate "1997.01.18"]

1. e4 c6 2. d4 d5 3. e5 Bf5 4. Nc3 e6 5. h4 h6 6. Be3 Nd7 7. Nf3 Ne7 8. Qd2 a6
9. Ne2 Bh7 10. Ng3 c5 11. Bd3 Bxd3 12. Qxd3 Nc6 13. O-O cxd4 14. Bxd4 Qc7 15.
c3 Ndxe5 16. Nxe5 Nxe5 17. Bxe5 Qxe5 18. Rfe1 Qd6 19. Nf5 Qd7 20. Qd4 Rg8 21.
Ne3 O-O-O 22. c4 dxc4 23. Qa7 Qc7 24. Red1 1/2-1/2

[Event "Michigan Class C"]
[Site "Grand Rapids, MI"]
[Date "1997.01.18"]
[Round "1.6"]
[White "Crysler, Jerry"]
[Black "Scioly, Tony"]
[Result "0-1"]
[WhiteElo "1416"]
[BlackElo "1500"]
[PlyCount "134"]
[EventDate "1997.01.18"]

1. Nf3 Nf6 2. c4 g6 3. d3 Bg7 4. Nbd2 O-O 5. g3 d6 6. Bg2 e5 7. O-O c6 8. e4
Bg4 9. Qc2 Nbd7 10. h3 Be6 11. Ng5 d5 12. Nxe6 fxe6 13. cxd5 exd5 14. exd5 cxd5
15. Nf3 Rc8 16. Qe2 Qe7 17. Bg5 h6 18. Bxf6 Bxf6 19. Nh2 Nb6 20. Rab1 Rc7 21.
Ng4 Kg7 22. b3 Rfc8 23. Qe3 g5 24. Rfe1 d4 25. Qe4 Nd7 26. Qf5 h5 27. Nxf6 Qxf6
28. Be4 Qxf5 29. Bxf5 Rf8 30. Bxd7 Rxd7 31. Rxe5 Kg6 32. Rbe1 Rdf7 33. Re6+ Kg7
34. Re7 Kg6 35. R1e6+ Kg7 36. Rxf7+ Kxf7 37. Rd6 Ke7 38. Rxd4 Ke6 39. a4 Rc8
40. f4 gxf4 41. Rxf4 Rc3 42. Re4+ Kf6 43. Re3 Rxb3 44. Kf2 Ra3 45. Rf3+ Ke6 46.
Re3+ Kf6 47. Kf3 Rxa4 48. g4 hxg4+ 49. hxg4 Rd4 50. Kg3 b5 51. Kh4 a5 52. Kh5
Rd5+ 53. Kh6 b4 54. Rf3+ Ke6 55. g5 Rd8 56. g6 b3 57. g7 b2 58. Rf1 a4 59. Kh7
a3 60. g8=Q+ Rxg8 61. Kxg8 a2 62. Re1+ Kd7 63. Kf7 b1=Q 64. Re7+ Kd6 65. Re6+
Kd5 66. Ke7 Qb7+ 67. Kf6 a1=Q+ 0-1

[Event "Michigan Class C"]
[Site "Grand Rapids, MI"]
[Date "1997.01.18"]
[Round "2.7"]
[White "Crysler, Jerry"]
[Black "Jensen, David"]
[Result "1-0"]
[WhiteElo "1416"]
[BlackElo "1473"]
[PlyCount "105"]
[EventDate "1997.01.18"]

1. Nf3 Nf6 2. c4 c5 3. g3 Nc6 4. Bg2 e6 5. O-O Be7 6. d3 d5 7. cxd5 exd5 8.
Nbd2 b6 9. Qa4 Bd7 10. Qd1 O-O 11. a3 Rc8 12. b3 Re8 13. Bb2 Bg4 14. h3 Be6 15.
Ng5 Bf5 16. e4 dxe4 17. dxe4 Bg6 18. f4 h6 19. f5 Bh7 20. Nxh7 Kxh7 21. e5 Nd7
22. Be4 f6 23. Nc4 Kh8 24. e6 Nde5 25. Qh5 Qc7 26. Nxe5 Nxe5 27. Kh2 Bd6 28.
Rg1 c4 29. Rac1 b5 30. Bxe5 Bxe5 31. bxc4 bxc4 32. Bd5 c3 33. Qf7 Re7 34. Qg6
Qc5 35. Rgd1 Qf2+ 36. Bg2 Qb2 37. Ra1 c2 38. Rac1 Qxa3 39. Rxc2 Qxg3+ 40. Qxg3
Rxc2 41. Qxe5 fxe5 42. Kg3 Rec7 43. Be4 Kg8 44. Rd8+ Kh7 45. f6+ g6 46. f7
R7c3+ 47. Kh4 Rh2 48. Rh8+ Kxh8 49. f8=Q+ Kh7 50. Qf7+ Kh8 51. Qf8+ Kh7 52.
Bxg6+ Kxg6 53. Qf7# 1-0

[Event "Michigan Beginners"]
[Site "Grand Rapids, MI"]
[Date "1997.01.18"]
[Round "2.1"]
[White "Crist, Kevin"]
[Black "Engstrom, Nate"]
[Result "0-1"]
[WhiteElo "890"]
[BlackElo "1199"]
[PlyCount "124"]
[EventDate "1997.01.19"]

1. e4 c5 2. Nc3 d6 3. Bb5+ Bd7 4. Nf3 Nf6 5. e5 dxe5 6. Nxe5 a6 7. Bxd7+ Nbxd7
8. Nxd7 Qxd7 9. Qf3 g6 10. O-O Bg7 11. d3 O-O 12. Bd2 Rfd8 13. Rfe1 e6 14. Be3
Nd5 15. Nxd5 Qxd5 16. Qxd5 Rxd5 17. Rab1 b6 18. c4 Rd7 19. Red1 Rad8 20. g3
Rxd3 21. Rxd3 Rxd3 22. Kg2 Bd4 23. Bf4 b5 24. cxb5 axb5 25. b3 b4 26. Rc1 Rc3
27. Rd1 Rc2 28. Rd2 Rxd2 29. Bxd2 Kg7 30. Bg5 f6 31. Bc1 f5 32. f4 h6 33. Kf3
Kf6 34. a4 bxa3 35. Bxa3 g5 36. fxg5+ hxg5 37. Bc1 g4+ 38. Ke2 Ke5 39. Kd3 Kd5
40. Bd2 e5 41. Bg5 e4+ 42. Ke2 Bg1 43. Bd2 Kd4 44. Bc1 Bxh2 45. Kf2 Kd3 46. Ba3
e3+ 47. Kg2 Bxg3 48. Kxg3 e2 49. Bxc5 e1=Q+ 50. Bf2 Qe5+ 51. Kh4 Kc3 52. Bg3
Qf6+ 53. Kh5 Kxb3 54. Bf4 Kc4 55. Bg5 Qxg5+ 56. Kxg5 g3 57. Kxf5 g2 58. Kf4
g1=Q 59. Kf3 Qg5 60. Ke4 Qf6 61. Ke3 Qf5 62. Kd2 Qf2+ 0-1

[Event "Michigan Class D/E"]
[Site "Grand Rapids, MI"]
[Date "1997.01.18"]
[Round "2.4"]
[White "Cowans, Winston"]
[Black "Evans Jr., Thomas"]
[Result "1/2-1/2"]
[WhiteElo "1312"]
[BlackElo "1222"]
[PlyCount "38"]
[EventDate "1997.01.18"]

1. d4 e6 2. c4 d5 3. g3 Nf6 4. Bg2 Be7 5. Nc3 O-O 6. cxd5 exd5 7. Nf3 c5 8. O-O
Nc6 9. Bf4 Qb6 10. Qc2 Be6 11. e3 cxd4 12. exd4 Nxd4 13. Nxd4 Qxd4 14. Rad1 Qc4
15. Bf3 Rac8 16. Be2 Qxa2 17. Ra1 Bf5 18. Qxf5 Qxb2 19. Be5 Rxc3 {Remainder
unavailable} 1/2-1/2

[Event "Michigan Beginners"]
[Site "Grand Rapids, MI"]
[Date "1997.01.18"]
[Round "3.5"]
[White "Choate, Eric"]
[Black "Waite, Rachel"]
[Result "1-0"]
[WhiteElo "903"]
[BlackElo "484"]
[PlyCount "65"]
[EventDate "1997.01.19"]

1. e4 e5 2. Nf3 Nf6 3. Nxe5 Nc6 4. Nxc6 bxc6 5. Nc3 Bb4 6. d3 Ba6 7. Bd2 Nxe4
8. Nxe4 Bxd2+ 9. Qxd2 f5 10. Nc5 Bb5 11. a4 Qe7+ 12. Qe3 Qxe3+ 13. fxe3 d6 14.
axb5 dxc5 15. bxc6 Kf7 16. d4 cxd4 17. Bc4+ Kf6 18. exd4 Rae8+ 19. Kd2 g6 20.
Rxa7 Re7 21. d5 Rhe8 22. b4 h5 23. b5 g5 24. b6 cxb6 25. Rxe7 Rxe7 26. Re1 Rg7
27. d6 g4 28. d7 g3 29. d8=Q+ Kg6 30. hxg3 Kh7 31. Re7 Kh6 32. Qh8+ Kg6 33.
Qxg7# 1-0